00433nam a2200133Ia 4500008004100000020001800041050002300059100003000082245005800112260002500170300002600195440002100221650005700242120721s9999 xx 000 0 und d a84-415-1187-X aHF5548.4 G36 2001 aGarcía Alegría, Pedro aGuía visual de office xp / Pedro García Alegría aMadrid : Anaya, 2001 a191 p. : il. ; 24 cm. aGuías visuales a1. Microsoft office xp (programa de computadoras)Ì